| 000 | 01599cam a22003254a 4500 | ||
|---|---|---|---|
| 999 |
_c10589 _d10589 |
||
| 003 | OSt | ||
| 005 | 20220406174616.0 | ||
| 008 | 110517s2011 ctua 000 0 eng | ||
| 010 | _a 2011020997 | ||
| 016 | 7 |
_a015816396 _2Uk |
|
| 020 | _a9780393733501 (pbk.) | ||
| 035 | _a(OCoLC)ocn668194896 | ||
| 042 | _apcc | ||
| 082 | 0 | 0 |
_a720 _223 |
| 100 | 1 | _aRahim, Ali. | |
| 245 | 1 | 0 |
_aTurbulence / _cAli Rahim, Christopher Sharples, William Sharples ; edited by Nina Rappaport and Leo Stevens. |
| 250 | _a1st ed. | ||
| 260 |
_aNew Haven, Conn. : _bYale School of Architecture ; _aNew York, N.Y. : _bDistributed by W. W. Norton & Co., _cc2011. |
||
| 300 |
_a176 p. : _bill. (chiefly col.) ; _c30 cm. |
||
| 490 | 1 | _aLouis I. Kahn visiting assistant professorship | |
| 505 | 0 | _aMigrating coastlines / Ali Rahim -- Elegance in the age of digital technique / Ali Rahim -- Migrating coastlines : emergent transformation for Dubai, U.A.E. -- Studio research. Transformation -- Refinement of features and surfaces -- Restrained opulence -- New formations : airport city -- Matrix/travel narratives -- Studio research. Contain and thicken -- Scatter and sink -- Collapse and raise -- Beyond experience : spaceport earth. A new infrastructure -- Eco/space tourism -- Diplomatic space. | |
| 650 | 0 | _aArchitecture and technology. | |
| 650 | 0 |
_aArchitecture _xForecasting. |
|
| 700 | 1 | _aSharples, Christopher. | |
| 700 | 1 | _aSharples, William. | |
| 700 | 1 | _aRappaport, Nina. | |
| 700 | 1 |
_aStevens, Leo _q(Leo Rowling), _d1983- |
|
| 830 | 0 | _aLouis I. Kahn visiting assistant professorship. | |
| 942 | _2ddc | ||